书目信息 |
| 题名: |
环境市场与环境经营
|
|
| 作者: | 李法云 , 穆怀中 , 大江宏 编著 | |
| 分册: | ||
| 出版信息: | 北京 化学工业出版社 2005 |
|
| 页数: | 272页 | |
| 开本: | 24cm | |
| 丛书名: | 环境科学与技术应用系列丛书 | |
| 单 册: | ||
| 中图分类: | X196 | |
| 科图分类: | ||
| 主题词: | 环境经济学--研究 , 环境经济学 | |
| 电子资源: | ||
| ISBN: | 7-5025-7140-X | |
| 000 | 01264oam2 2200301 450 | |
| 001 | 002939150 | |
| 005 | 20070805150219.79 | |
| 010 | @a7-5025-7140-X@dCNY45.00 | |
| 035 | @a002939150 | |
| 100 | @a20050317d2005 em y0chiy0110 ea | |
| 101 | 0 | @achi |
| 102 | @aCN@b110000 | |
| 105 | @ay z 000yy | |
| 106 | @ar | |
| 200 | 1 | @a环境市场与环境经营@Ahuan jing shi chang yu huan jing jing ying@f李法云,穆怀中,(日)大江宏等编著@Fli fa yun, mu huai zhong, ( ri ) da jiang hong deng bian zhu |
| 210 | @a北京@c化学工业出版社@d2005 | |
| 215 | @a272页@d24cm | |
| 225 | 2 | @a环境科学与技术应用系列丛书@Ahuan jing ke xue yu ji shu ying yong xi lie cong shu |
| 330 | @a本书分3篇共9章,对欧美、日本等发达国家环境市场的形成与发展、中国环境市场的现状与发展前景、环境经营与企业发展、旅馆、旅游和流通产业、环境管理系统(EMS)和ISO 14000、生命周期评价、工业新陈代谢与清洁生产以及环境信息交流等方面进行了较为详细的论述。 | |
| 461 | 0 | @1001002933938@12001 @a环境科学与技术应用系列丛书 |
| 606 | 0 | @a环境经济学@x研究 |
| 606 | 0 | @a环境经济学 |
| 690 | @aX196@v4 | |
| 701 | 0 | @a李法云@Ali fa yun@c(环境科学)@4编著 |
| 701 | 0 | @a穆怀中@Amu huai zhong@f(1957.1~)@4编著 |
| 701 | 0 | @c(日)@a大江宏@Ada jiang hong@4编著 |
| 801 | 0 | @aCN@bNLC@c20070805 |
| 905 | @dX196@e163@f5 | |
| 环境市场与环境经营/李法云,穆怀中,(日)大江宏等编著.-北京:化学工业出版社,2005 |
| 272页;24cm.-(环境科学与技术应用系列丛书) |
| ISBN 7-5025-7140-X:CNY45.00 |
| 本书分3篇共9章,对欧美、日本等发达国家环境市场的形成与发展、中国环境市场的现状与发展前景、环境经营与企业发展、旅馆、旅游和流通产业、环境管理系统(EMS)和ISO 14000、生命周期评价、工业新陈代谢与清洁生产以及环境信息交流等方面进行了较为详细的论述。 |
| ● |
| 相关链接 |
|
|
|
|
正题名:环境市场与环境经营
索取号:X196/163
 
预约/预借
| 序号 | 登录号 | 条形码 | 馆藏地/架位号 | 状态 | 备注 |
| 1 | 0850965 | 208509657 | 第二样本阅览室/ [索取号:X196/163] | 在馆 | |
| 2 | 0850966 | 208509666 | 第三借阅区/ [索取号:X196/163] | 在馆 | |
| 3 | 0850967 | 208509675 | 第三借阅区/ [索取号:X196/163] | 在馆 | |
| 4 | 0850968 | 208509684 | 第三借阅区/ [索取号:X196/163] | 在馆 | |
| 5 | 0850969 | 208509693 | 第三借阅区/ [索取号:X196/163] | 在馆 |